Australian States & Territories Flag Quiz - Statistics

General Stats
  • This quiz has been taken 1,097 times
  • The average score is 8 of 11
Answer Stats
Picture Answer % Correct
New South Wales
87%
Victoria
87%
Western Australia
84%
Tasmania
81%
Queensland
79%
Northern Territory
77%
Christmas Island
73%
South Australia
73%
Norfolk Island
64%
Australian Capital Territory
63%
Cocos (Keeling) Islands
55%
No matching quizzes found
Score Distribution
Percent of People with Each Score
Percentile by Number Answered
Your Score History
You have not taken this quiz